• 首页
  • 本馆介绍
  • 公告通知
  • 最新文献
  • 馆藏检索
  • 电子资源
  • 读者导购
  • 参考咨询
  • 我的图书馆
  • 登录
  • 详细信息显示
  • 放入我的书架
  • 预约/预借图书
  • 作者相关作品
  • 分类相关作品
  • 丛书相关作品
  • 出版社相关作品

书目信息

  • 表格格式
  • 工作单格式
  • 卡片格式
题名:
地被植物与景观
    
 
作者: 吴玲 主编
分册:  
出版信息: 北京   中国林业出版社  2007
页数: 207页
开本: 23cm
丛书名:
单 册:
中图分类: S688.4
科图分类:
主题词: 地被植物--观赏园艺 , 地被植物 , 观赏园艺
电子资源:
ISBN: 978-7-5038-4671-7
000 00850nam0 2200253 45
001 1130761359
005 20110310090217.84
010    @a978-7-5038-4671-7@dCNY68.00
100    @a20110123e20092007em y0chiy50 ea
101 0  @achi
102    @aCN@b110000
105    @aa z 001yy
106    @ar
200 1  @a地被植物与景观@ADi Bei Zhi Wu Yu Jing Guan@f吴玲主编@FWu Ling Zhu Bian
210    @a北京@c中国林业出版社@d2007@h2009
215    @a207页@c彩图@d23cm
330    @a本书推荐了具有应用价值的植物300余种,涉及76科,190余属,描述了每个种的形态特征、分布习性、繁殖栽培方法等,并通过图片介绍了各种植物在园林绿地中的配置手法和实际效果。
606 0  @a地被植物@x观赏园艺
606 0  @a地被植物
606 0  @a观赏园艺
690    @aS688.4@v4
701  0 @a吴玲@AWu Ling@4主编
801  0 @aCN@bTANGWEI@c20110310
905    @b0532174-76@dS688.4@e215@f3
    
    地被植物与景观/吴玲主编.-北京:中国林业出版社,2007(2009)
    207页:彩图;23cm
    
    
    ISBN 978-7-5038-4671-7:CNY68.00
    本书推荐了具有应用价值的植物300余种,涉及76科,190余属,描述了每个种的形态特征、分布习性、繁殖栽培方法等,并通过图片介绍了各种植物在园林绿地中的配置手法和实际效果。
●
相关链接 在E读中查询图书 在五车中查询图书 在当当中查询图书 在豆瓣中查询图书


正题名:地被植物与景观     索取号:S688.4/215         预约/预借

序号 登录号 条形码 馆藏地/架位号 状态 备注
1 0532174   205321748   第二样本阅览室/ [索取号:S688.4/215] 在馆    
2 0532175   205321757   密集书库-生命科学系/ [索取号:S688.4/215] 在馆    
3 0532176   205321766   第三借阅区/ [索取号:S688.4/215] 在馆    
唐山师范学院图书馆 欢迎您!
大连网信软件有限公司© 版权所有